The nectar of devotion : (Record no. 132630)

MARC details
000 -LEADER
fixed length control field 00763nam a22002417a 4500
005 - DATE AND TIME OF LATEST TRANSACTION
control field 20170124110157.0
010 ## - LIBRARY OF CONGRESS CONTROL NUMBER
LC control number 690344
020 ## - INTERNATIONAL STANDARD BOOK NUMBER
Terms of availability 00.00
International Standard Book Number 0912776056
035 ## - SYSTEM CONTROL NUMBER
System control number 690344
037 ## - SOURCE OF ACQUISITION
Source of stock number/acquisition Cen Lib/Ret
040 ## - CATALOGING SOURCE
Original cataloging agency DPL
Language of cataloging EN
082 ## - DEWEY DECIMAL CLASSIFICATION NUMBER
Classification number 181.432
Item number BHA
100 ## - MAIN ENTRY--PERSONAL NAME
Personal name Bhaktivedanta, S. Prabhupada, A.C.
9 (RLIN) 35308
245 ## - TITLE STATEMENT
Title The nectar of devotion :
Statement of responsibility, etc by A.C.Bhaktivedanta, S. Prabhupada
Remainder of title he complete science of Bhakti Yoga, /
260 ## - PUBLICATION, DISTRIBUTION, ETC. (IMPRINT)
Place of publication, distribution, etc Los Angeles
Name of publisher, distributor, etc Iskcon Books
Date of publication, distribution, etc 1970
270 ## - ADDRESS
Address 3764,Wasteka Avenue
City Los Angeles
300 ## - PHYSICAL DESCRIPTION
Extent xxiv,415p.
Dimensions 22cm(Hb)
500 ## - GENERAL NOTE
General note Includes glossary reference and index
650 ## - SUBJECT ADDED ENTRY--TOPICAL TERM
Topical term or geographic name as entry element Yoga, Bhakti
9 (RLIN) 35309
650 ## - SUBJECT ADDED ENTRY--TOPICAL TERM
Topical term or geographic name as entry element Bhakti
9 (RLIN) 35310
700 ## - ADDED ENTRY--PERSONAL NAME
9 (RLIN) 35082
942 ## - ADDED ENTRY ELEMENTS (KOHA)
Source of classification or shelving scheme Dewey Decimal Classification
Koha item type English Books
Classification part 181.432
Call number suffix BHA
Holdings
Withdrawn status Lost status Damaged status Not for loan Home library Current library Date acquired Source of acquisition Cost, normal purchase price Total Checkouts Full call number Barcode Date last seen Copy number Cost, replacement price Price effective from Koha item type Public note
Written off       Central Library Central Library 23/07/2015 Cen Lib/Ret 0.00   181.432 BHA 690344 23/07/2015 1 0.00 23/07/2015 English Books W/d List No. 6893/8; dtd 14/10/2020

© Delhi Public Library
Hit Counter
free hit counter